Click para traducir- Euskera - Estadísticas

Estadísticas generales
  • Esta prueba ha sido intentada 223 veces
  • La puntuación promedio es 13 de 20
Estadísticas de respuestas
Hint Respuesta % Correcto
Libro Liburu
87%
Día Egun
81%
Pan Ogi
81%
Bizikleta Txirrindula
77%
Pueblo Herri
72%
Montaña Mendi
70%
Luna Ilargi
69%
Mar Itsaso
68%
Lavadora Garbigailu
67%
Río Ibai
66%
Noche Gau
65%
Mesa Mahai
63%
Luz Argi
61%
Silla Aulki
56%
Número Zenbaki
55%
Árbol Zuhaitz
54%
Niñ@ Haur
50%
Madera Egur
47%
Novela Eleberri
41%
Pendiente Malda
41%
No se encontraron pruebas coincidentes
Distribución de puntuación
Porcentaje de gente con cada puntuación
Porcentaje por número respondido
Historial de tus puntuaciones
No has intentado esta prueba.